| 000 | 02235nam a22005417a 4500 | ||
|---|---|---|---|
| 001 | 000060789 | ||
| 003 | CHAP | ||
| 005 | 20220329140919.0 | ||
| 008 | 971013s1966 r 00010 d | ||
| 010 | _a59722 | ||
| 011 | _a60694 | ||
| 035 | _a64856 | ||
| 040 | _cCHAP | ||
| 082 | 0 | 4 |
_a595.7 _bG3 |
| 100 | 0 | 0 |
_aGarcía Martell, Celso. _946251 |
| 245 | 1 | 0 | _aClaves para la identificación de adultos de las principales familias de Lepidoptera, Coleoptera, Diptera e Himenoptera. |
| 260 |
_aChapingo, Méx. : _bENA. Departamento de Parasitología Agrícola, _c1966. |
||
| 300 |
_aPág. varía : _b: ilus. |
||
| 490 | 1 | _aSerie de apuntes | |
| 590 |
_aBATCH-UPD _b10 _c20130110 _lUCH01 _h0659 |
||
| 590 |
_aBATCH-UPD _b10 _c20130110 _lUCH01 _h2319 |
||
| 590 |
_aBATCH-UPD _b10 _c20130410 _lUCH01 _h0344 |
||
| 590 |
_aBATCH-UPD _b10 _c20130914 _lUCH01 _h1007 |
||
| 590 |
_aCONVERSION _b10 _c20130109 _lUCH01 _h1332 |
||
| 590 |
_aE5995AHE _b05 _c20150225 _lUCH01 _h0920 |
||
| 650 | 1 | 4 |
_aColeópteros. _925123 |
| 650 | 1 | 4 |
_aDípteros. _933715 |
| 650 | 1 | 4 |
_aHimenópteros. _955474 |
| 650 | 1 | 4 |
_aInsectos _xIdentificación. _958929 |
| 650 | 1 | 4 |
_aLepidópteros. _966252 |
| 710 | 0 |
_aENA. _936669 |
|
| 830 | 0 |
_aSerie de apuntes _9104684 |
|
| 901 | _aBK | ||
| 942 | _cLIBRO | ||
| 942 | _n0 | ||
| 949 |
_a595.7 G3 _bBC _cLIBRO _d-142800 _eLIBRO _fc.18 _h27007 _i64856 _si |
||
| 949 |
_a595.7 G3 _bBC _cLIBRO _d33724000348504 _eLIBRO _h26992 _i64856 _si |
||
| 949 |
_a595.7 G3 _bBC _cLIBRO _d33724000348512 _eLIBRO _fc.2 _h26993 _i64856 _si |
||
| 949 |
_a595.7 G3 _bBC _cLIBRO _d33724000348520 _eLIBRO _fc.7 _h26996 _i64856 _si |
||
| 949 |
_a595.7 G3 _bBC _cLIBRO _d33724000348538 _eLIBRO _fc.4 _i64856 _si |
||
| 949 |
_a595.7 G3 _bBC _cLIBRO _d33724000348546 _eLIBRO _fc.5 _h26995 _i64856 _si |
||
| 949 |
_a595.7 G3 _bBC _cLIBRO _d33724000348553 _eLIBRO _fc.8 _h26997 _i64856 _si |
||
| 949 |
_a595.7 G3 _bBC _cLIBRO _d33724000348561 _eLIBRO _fc.10 _h26999 _i64856 _si |
||
| 949 |
_a595.7 G3 _bBC _cLIBRO _d33724000348579 _eLIBRO _fc.11 _h27000 _i64856 _si |
||
| 949 |
_a595.7 G3 _bBC _cLIBRO _d33724000348587 _eLIBRO _fc.13 _h27002 _i64856 _si |
||
| 949 |
_a595.7 G3 _bBC _cLIBRO _d33724000348595 _eLIBRO _fc.14 _h27003 _i64856 _si |
||
| 949 |
_a595.7 G3 _bBC _cUACH _d33724000348603 _eUACH _fc.15 _h27004 _i64856 _si |
||
| 999 |
_c59722 _d59722 |
||